000 00524nam a22001817a 4500
005 20251108171852.0
008 250721s1978 xx 000 0 ara d
082 1 4 _aط/369/43/هار
100 1 _aهاورد، داود
245 1 0 _aالأشبال /
264 1 _aبيروت :
_bمكتبة لبنان،
_c1978.
300 _a50ص :مص
490 0 _aليدبيرد : السلسلة الكشفية ، 2
650 1 7 _aالكشافة
700 1 _aشقير، رشيد
_eترجمة
942 _2ddc
_cBK
999 _c64689
_d64689